Countries of the Republic of Venice - Statistics

General Stats
  • This quiz has been taken 220 times
  • The average score is 8 of 9
Answer Stats
Country % Correct
Italy
99%
Croatia
96%
Slovenia
94%
Greece
92%
Albania
89%
Turkey
86%
Montenegro
82%
Cyprus
79%
Russia
45%
No matching quizzes found
Score Distribution
Percent of People with Each Score
Percentile by Number Answered
Your Score History
You have not taken this quiz